Statistics for Most Famous Person from Each Mississippi High School by Picture

Click here to take the quiz!

General Stats

  • This quiz has been taken 12 times
  • The average score is 32 of 97

Answer Stats

Answer% Correct
Britney Spears
75%
Brett Favre
67%
A. J. Brown
58%
Chris Jones
58%
Derrick Jones
58%
JaCoby Jones
58%
Jarrian Jones
58%
Jimmy Smith
58%
Shepard Smith
58%
Devin Booker
50%
Gardner Minshew
50%
Jeremy Williams
50%
Mahmoud Abdul-Rauf
50%
Monta Ellis
50%
Mo Williams
50%
Rosey Davis
50%
Swae Lee
50%
Archie Manning
42%
Brunson Green
42%
Chris White
42%
DeMichael Harris
42%
DK Metcalf
42%
Hunter Renfroe
42%
Lance Bass
42%
Tate Reeves
42%
Walter Payton
42%
Byron Young
33%
Damien Lewis
33%
Jeffery Simmons
33%
John Grisham
33%
J. T. Gray
33%
Kent Hull
33%
Matthew Mitchell
33%
Melany Neilson
33%
Phil Bryant
33%
Saahdiq Charles
33%
Steve McNair
33%
Tavares Washington
33%
Aaron Henry
25%
Andy Kennedy
25%
Bianca Knight
25%
Big Black
25%
Big K.R.I.T.
25%
Bryant Mix
25%
Cameron Lawrence
25%
Charvarius Ward
25%
Chase Sherman
25%
Corey Dickerson
25%
David Banner
25%
Deantre Prince
25%
Diane Ladd
25%
Donna Tartt
25%
Duece Watts
25%
Eden Brent
25%
Elizabeth Wayne
25%
Emmanuel Forbes
25%
Garrett Crochet
25%
Glenn Boyce
25%
Isaiah Canaan
25%
Jason Brownlee
25%
Jay Hopson
25%
Johnny Parker
25%
John Rhys Plumlee
25%
Johnthan Banks
25%
Jonathan Bender
25%
Justin Hamilton
25%
Ken Kercheval
25%
K. J. Wright
25%
LaPhonza Butler
25%
Logan Cooke
25%
Louis Coleman
25%
Margaret Wade
25%
Marsha Blackburn
25%
Marty Stuart
25%
Matt Tolbert
25%
Parker Posey
25%
Quinndary Weatherspoon
25%
Ricky Stenhouse Jr.
25%
Robert Kent
25%
Scott Stricklin
25%
Sela Ward
25%
Shelby Foote
25%
Stephen Gostkowski
25%
Stevan Ridley
25%
Steve Yarbrough
25%
Terrell Buckley
25%
Tim Bowens
25%
Tommy Aldridge
25%
Tori Bowie
25%
Vernon Dahmer
25%
Wes Shivers
25%
Yolanda Moore
25%
Casey Woods
17%
Doc Blanchard
17%
Laura Pendergest-Holt
17%
Micah Pellerin
17%
Virgia Brocks-Shedd
17%

Score Distribution

Percentile by Number Answered

Percent of People with Each Score

Your Score History

You have not taken this quiz